000 01334nam a22003497a 4500
003 CHAP
005 20220329140748.0
008 971013s1978 r 10010 d
010 _a57211
011 _a58183
035 _a62338
040 _cCHAP
082 _a631.585
_bS9
111 0 0 _aSymposium on Production of Protected Crops in Peat and Other Media. (
_d1977
_c: Dublin, Ireland)
_9111065
245 _aProceedings
260 _aThe Hague :
_bInternatoinal Society for Horticultural Science,
_c1978
300 _a243 p.
_b; gráfs.
490 _aActa Horticulturae
_v; 82
590 _aBATCH-UPD
_b10
_c20130110
_lUCH01
_h0522
590 _aBATCH-UPD
_b10
_c20130913
_lUCH01
_h1919
590 _aCONVERSION
_b10
_c20130109
_lUCH01
_h1331
650 1 4 _aHidroponía.
_955280
830 0 _aActa Horticulturae
_v; 82
_9739
852 2 _yISSUE
901 _aBK
942 _cLIBRO
949 _a631.585 S9
_bBC
_cLIBRO
_d33724000162640
_eLIBRO
_fc.5
_h56126
_i62338
_si
_t89.00
949 _a631.585 S9
_bBC
_cLIBRO
_d33724000162657
_eLIBRO
_fc.4
_h56125
_i62338
_si
_t89.00
949 _a631.585 S9
_bBC
_cLIBRO
_d33724000162665
_eLIBRO
_fc.3
_h56124
_i62338
_si
_t89.00
949 _a631.585 S9
_bBC
_cLIBRO
_d33724000162673
_eLIBRO
_fc.2
_h50846
_i62338
_si
_t89.00
949 _bBC
_cPS
_d-133651
_ePS
_i62338
_si
_t89.00
999 _c57211
_d57211